[Event "Russian Championship B13 1st league 2016"]
[Site "Loo"]
[Date "2016.04.27"]
[Round "8.51"]
[White "Zotkaev, Basang"]
[Black "Konovalov, Alexey"]
[Result "1/2-1/2"]
[WhiteElo "1386"]
[BlackElo "1560"]
[PlyCount "86"]
[EventDate "2016.04.20"]

1. d4 d5 2. Bg5 Nf6 3. Bxf6 exf6 4. e3 Be6 5. Nf3 Bd6 6. Bd3 Nc6 7. c3 Ne7 8.
Qc2 Ng6 9. h4 c6 10. Nbd2 Qb6 11. c4 dxc4 12. Nxc4 Bxc4 13. Bxc4 Qc7 14. Qb3
Nf8 15. Rc1 Ne6 16. Bxe6 fxe6 17. Qxe6+ Qe7 18. Qxe7+ Kxe7 19. Ke2 Rad8 20. g3
Kf7 21. Rhe1 Rhe8 22. Kf1 Bc7 23. a3 Bb6 24. b4 a6 25. Nd2 Rd5 26. Nc4 Bc7 27.
Nd2 a5 28. Rc5 Rxc5 29. dxc5 axb4 30. axb4 Ra8 31. Nc4 Ra4 32. Nd6+ Bxd6 33.
cxd6 Ke6 34. Rd1 Kd7 35. Rd4 Ra2 36. Kg2 Rc2 37. Rg4 g6 38. h5 g5 39. Rd4 c5
40. bxc5 Rxc5 41. Rb4 b5 42. Kf3 Kxd6 43. g4 Kd5 1/2-1/2

[Event "Russian Championship B13 1st league 2016"]
[Site "Loo"]
[Date "2016.04.27"]
[Round "8.53"]
[White "Klykov, Georgy"]
[Black "Frolov, Artem"]
[Result "1-0"]
[WhiteElo "1519"]
[BlackElo "1359"]
[PlyCount "123"]
[EventDate "2016.04.20"]

1. Nf3 e6 2. d4 d5 3. c4 Nf6 4. Nc3 Bb4 5. Bg5 h6 6. Bh4 O-O 7. e3 b6 8. Bd3
dxc4 9. Bxc4 Bb7 10. O-O Nbd7 11. Ne2 Be7 12. a3 c5 13. Nc3 cxd4 14. Nxd4 Rc8
15. Nxe6 fxe6 16. Bxe6+ Kh8 17. Bxf6 Nxf6 18. Bxc8 Qxc8 19. Rc1 Qf5 20. Ne2 Qe4
21. f3 Qxe3+ 22. Kh1 Qe5 23. Re1 Qg5 24. Rc7 Bxf3 25. gxf3 Nd5 26. f4 Qf5 27.
Ng3 Qxf4 28. Rcxe7 Nxe7 29. Rxe7 Qf6 30. Qe2 Qc6+ 31. Kg1 Qc5+ 32. Qe3 Qd6 33.
Qe5 Qd1+ 34. Kg2 Qg4 35. Re8 Qf3+ 36. Kh3 Qf7 37. Rxf8+ Qxf8 38. Nf5 Kh7 39.
Kg4 h5+ 40. Kxh5 g6+ 41. Kg5 Qxf5+ 42. Qxf5 gxf5 43. Kxf5 Kh6 44. Ke6 a5 45.
Kd6 b5 46. Kc5 b4 47. axb4 axb4 48. Kxb4 Kh5 49. Kc5 Kh4 50. b4 Kh3 51. b5 Kxh2
52. b6 Kg3 53. b7 Kf4 54. b8=Q+ Kf5 55. Kd5 Kf6 56. Qe8 Kf5 57. Qe7 Kg4 58. Ke4
Kg3 59. Qf6 Kg4 60. Qg7+ Kh5 61. Kf5 Kh4 62. Qg4# 1-0

[Event "Russian Championship B13 1st league 2016"]
[Site "Loo"]
[Date "2016.04.27"]
[Round "8.55"]
[White "Mikiev, Klim"]
[Black "Mamedov, Amin"]
[Result "1-0"]
[WhiteElo "1466"]
[BlackElo "1358"]
[PlyCount "93"]
[EventDate "2016.04.20"]

1. d4 Nf6 2. Nf3 c5 3. e3 g6 4. c4 Bg7 5. Nc3 O-O 6. Be2 cxd4 7. exd4 d5 8. h3
Nc6 9. Be3 Bf5 10. a3 a5 11. O-O e6 12. Nb5 Ne4 13. g4 Kh8 14. gxf5 gxf5 15.
Kh1 Rg8 16. Rg1 f4 17. Qd3 fxe3 18. Qxe3 Qf6 19. Bd3 Bh6 20. Qe2 Qf5 21. Bxe4
dxe4 22. Nd6 exf3 23. Nxf5 fxe2 24. Nxh6 Rg7 25. Rxg7 Kxg7 26. Ng4 Nxd4 27. Re1
f5 28. Ne5 f4 29. Kg2 Rf8 30. Nf3 e5 31. c5 Rf6 32. Nxd4 exd4 33. Kf3 d3 34.
Rc1 d2 35. Rg1+ Kf7 36. Kxe2 Rf5 37. b4 f3+ 38. Kxd2 axb4 39. axb4 Rf4 40. Kc3
Rh4 41. Rg3 Rf4 42. Rg4 Rf5 43. Kd4 Rh5 44. Rf4+ Ke6 45. Rxf3 Rh4+ 46. Kc3 Ke5
47. Rd3 1-0

[Event "Russian Championship B13 1st league 2016"]
[Site "Loo"]
[Date "2016.04.27"]
[Round "8.57"]
[White "Goroshkov, Mikhail"]
[Black "Tukaev, Timur"]
[Result "0-1"]
[WhiteElo "1452"]
[BlackElo "1276"]
[PlyCount "98"]
[EventDate "2016.04.20"]

1. d4 Nf6 2. c4 e6 3. Nc3 c5 4. Nf3 Be7 5. e3 O-O 6. d5 exd5 7. cxd5 Re8 8. Bc4
Bf8 9. O-O d6 10. Re1 Bg4 11. h3 Bh5 12. b3 Nbd7 13. Be2 Bxf3 14. Bxf3 Ne5 15.
Be2 a6 16. Bb2 Ng6 17. Bf3 Ne5 18. Be2 Rc8 19. Rc1 g6 20. Kf1 Bg7 21. Nb1 Ned7
22. Bf3 Nb6 23. Na3 Nfd7 24. Bxg7 Kxg7 25. Nc4 Nxc4 26. bxc4 Ne5 27. Be2 Qf6
28. Rb1 Re7 29. Qc2 Kg8 30. Qc3 Qh4 31. Rb3 Rf8 32. Reb1 f5 33. Kg1 f4 34. e4
f3 35. Bxf3 Ref7 36. Rxb7 Rxf3 37. gxf3 Qxh3 38. Rg7+ Kxg7 39. Rb3 Rxf3 40.
Rb7+ Kh6 41. Qd2+ g5 42. Qa5 Rf7 43. Rb3 Rf3 44. Rb7 Rd3 45. Rxh7+ Kxh7 46.
Qc7+ Kh6 47. Qxd6+ Kh5 48. f3 Rd1+ 49. Kf2 Qxf3# 0-1

[Event "Russian Championship B13 1st league 2016"]
[Site "Loo"]
[Date "2016.04.27"]
[Round "8.60"]
[White "Zhanazarov, Iskander"]
[Black "Nedelko, Nikita"]
[Result "1-0"]
[WhiteElo "1746"]
[BlackElo "1439"]
[PlyCount "53"]
[EventDate "2016.04.20"]

1. e4 e6 2. d4 d5 3. e5 c5 4. c3 Qb6 5. Nf3 Nc6 6. a3 Bd7 7. b4 cxd4 8. cxd4
Rc8 9. Be3 Nh6 10. Bd3 Ng4 11. O-O Nxe3 12. fxe3 Be7 13. Nbd2 O-O 14. Nb3 a6
15. Nc5 Bxc5 16. bxc5 Qd8 17. Rb1 Rb8 18. Rb6 f6 19. Qc2 f5 20. Rfb1 Qc7 21.
Qb2 Bc8 22. Bxa6 bxa6 23. Rxb8 Nxb8 24. Qxb8 Qxb8 25. Rxb8 Bd7 26. Rb6 Ra8 27.
Ng5 1-0

[Event "Russian Championship B13 1st league 2016"]
[Site "Loo"]
[Date "2016.04.27"]
[Round "8.61"]
[White "Shvetko, Roman"]
[Black "Koshkin, Artem"]
[Result "1-0"]
[WhiteElo "1667"]
[BlackElo "1434"]
[PlyCount "61"]
[EventDate "2016.04.20"]

1. d4 Nf6 2. c4 e6 3. Nc3 d5 4. Bg5 Be7 5. e3 Nbd7 6. Nf3 O-O 7. Bd3 dxc4 8.
Bxc4 h6 9. Bh4 c5 10. O-O cxd4 11. Qxd4 Bc5 12. Qd3 b6 13. Rfd1 Bb7 14. Qe2 Qc8
15. Bb3 Bb4 16. Rac1 Bxc3 17. Rxc3 Bxf3 18. Qxf3 Qa6 19. Rc7 Rfd8 20. Rcxd7
Nxd7 21. Rxd7 Rxd7 22. Qxa8+ Kh7 23. h3 Rd2 24. Qe4+ Kg8 25. Bc2 g6 26. Bf6 Qc8
27. Bc3 Rd5 28. Bb3 Rc5 29. Qf4 g5 30. Qf6 Qf8 31. Qh8# 1-0

[Event "Russian Championship B13 1st league 2016"]
[Site "Loo"]
[Date "2016.04.27"]
[Round "8.62"]
[White "Edgeev, Danzan"]
[Black "Konotop, Timofey"]
[Result "0-1"]
[WhiteElo "1376"]
[BlackElo "1524"]
[PlyCount "52"]
[EventDate "2016.04.20"]

1. e4 e5 2. Nf3 Nc6 3. Bb5 Bc5 4. d3 Nf6 5. Bg5 d6 6. h3 Bd7 7. Nbd2 h6 8. Bh4
a6 9. Ba4 Bb6 10. a3 Ba7 11. c3 Qe7 12. b4 b5 13. Bb3 O-O 14. O-O Rab8 15. a4
Rb7 16. axb5 axb5 17. Qc2 Bb6 18. Ra2 Rbb8 19. Bg3 Nh5 20. Bh2 Kh8 21. Bd5 f5
22. exf5 Rxf5 23. g4 Rf6 24. gxh5 g6 25. hxg6 Rxg6+ 26. Bg3 Rxg3+ 0-1

[Event "Russian Championship B13 1st league 2016"]
[Site "Loo"]
[Date "2016.04.27"]
[Round "8.63"]
[White "Piatkin, Arsenii"]
[Black "Usubov, Bogdan"]
[Result "1/2-1/2"]
[WhiteElo "1417"]
[BlackElo "1493"]
[PlyCount "81"]
[EventDate "2016.04.20"]

1. e4 d5 2. exd5 Qxd5 3. Nc3 Qa5 4. Nf3 Nf6 5. Bc4 Bg4 6. Be2 Nc6 7. O-O O-O-O
8. a3 Nd4 9. b4 Nxf3+ 10. Bxf3 Qh5 11. Bxg4+ Qxg4 12. Qxg4+ Nxg4 13. h3 Ne5 14.
d3 Nc6 15. Bb2 Nd4 16. Rac1 g6 17. Kh1 Rg8 18. Rfe1 e6 19. Ne2 Bg7 20. Bxd4
Bxd4 21. Nxd4 Rxd4 22. Re3 Rgd8 23. Kg1 Kd7 24. c3 Rd5 25. d4 Ke7 26. Rce1 a5
27. Ra1 a4 28. Rae1 b6 29. Re4 b5 30. Re5 Rxe5 31. Rxe5 Rd5 32. f4 f6 33. Rxd5
exd5 34. Kf2 Ke6 35. g4 h6 36. h4 f5 37. g5 h5 38. Kf3 Kd6 39. Ke3 Ke6 40. Kf3
Kd6 41. Ke3 1/2-1/2

[Event "Russian Championship B13 1st league 2016"]
[Site "Loo"]
[Date "2016.04.27"]
[Round "8.64"]
[White "Bochkarev, Maxim"]
[Black "Tolstykh, Dmitri"]
[Result "0-1"]
[WhiteElo "1473"]
[BlackElo "1397"]
[PlyCount "72"]
[EventDate "2016.04.20"]

1. e4 c5 2. Nc3 e6 3. Bc4 Nc6 4. d3 a6 5. a3 g6 6. Nge2 Bg7 7. Be3 Nd4 8. O-O
Ne7 9. Ng3 b5 10. Ba2 Bb7 11. Nce2 Qc7 12. c3 Nxe2+ 13. Qxe2 O-O 14. Rad1 d5
15. exd5 Nxd5 16. Ne4 Nxe3 17. Qxe3 Bxe4 18. Qxe4 Rfd8 19. f4 Qb6 20. Kh1 Ra7
21. Rf3 Rad7 22. Rdf1 b4 23. axb4 cxb4 24. cxb4 Bxb2 25. Bc4 Bc3 26. Rb1 Bxb4
27. Qe5 a5 28. h3 Qd4 29. Qb5 Qc5 30. Qa4 h5 31. Rbf1 Rd4 32. Rc1 Qf5 33. Rcf1
Bd6 34. Kh2 Rxf4 35. Rxf4 Bxf4+ 36. Kg1 Be3+ 0-1

[Event "Russian Championship B13 1st league 2016"]
[Site "Loo"]
[Date "2016.04.27"]
[Round "8.65"]
[White "Zhivotovskii, Dmitrii"]
[Black "Volf, Sergey"]
[Result "1/2-1/2"]
[WhiteElo "1457"]
[BlackElo "1356"]
[PlyCount "120"]
[EventDate "2016.04.20"]

1. e4 c5 2. Nf3 Nc6 3. c3 d5 4. exd5 Qxd5 5. d4 cxd4 6. cxd4 e6 7. Nc3 Bb4 8.
Bd2 Bxc3 9. Bxc3 Nf6 10. Be2 O-O 11. O-O b6 12. Bd3 Bb7 13. Bc2 Ne7 14. Re1 Nd7
15. Qd3 g6 16. b3 Rac8 17. Rad1 Rfd8 18. Bb2 Qh5 19. Re3 Nf5 20. Re2 Bxf3 21.
Qxf3 Qxf3 22. gxf3 Nh4 23. Be4 Ne5 24. f4 Nc6 25. Red2 Ne7 26. Bh1 Nd5 27. Ba1
Nxf4 28. d5 exd5 29. Bf6 Rd6 30. Bxh4 d4 31. Bg3 Rf6 32. Bxf4 Rxf4 33. Rxd4
Rxd4 34. Rxd4 Rc1+ 35. Kg2 Rc7 36. Rc4 Rd7 37. Kg3 Kg7 38. Bf3 Rd2 39. Ra4 Rd7
40. Bg4 Re7 41. Rd4 Kh6 42. Rd7 Re1 43. Rxf7 Rg1+ 44. Kf3 Kg5 45. h3 h5 46. Bc8
a5 47. Rf4 b5 48. Ba6 b4 49. Rd4 a4 50. h4+ Kf5 51. Rxb4 axb3 52. Rxb3 Ra1 53.
Bd3+ Ke5 54. Bxg6 Rxa2 55. Bxh5 Ra1 56. Bg6 Rh1 57. h5 Rh3+ 58. Kg4 Rxb3 59. h6
Rb8 60. h7 Kf6 1/2-1/2

[Event "Russian Championship B13 1st league 2016"]
[Site "Loo"]
[Date "2016.04.27"]
[Round "8.67"]
[White "Poiseev, Nikita"]
[Black "Efremov, Yaroslav"]
[Result "1/2-1/2"]
[WhiteElo "1323"]
[BlackElo "1501"]
[PlyCount "84"]
[EventDate "2016.04.20"]

1. e4 e5 2. Nf3 Nc6 3. Bc4 Be7 4. Nc3 Nf6 5. d3 O-O 6. O-O d6 7. h3 Na5 8. Be3
Nxc4 9. dxc4 Ne8 10. Qd2 f5 11. exf5 Bxf5 12. Nd5 Kh8 13. Nxe7 Qxe7 14. Bg5 Qe6
15. Rfe1 Qxc4 16. Nh4 Qe6 17. Qb4 b6 18. f4 h6 19. Rxe5 c5 20. Rxe6 cxb4 21.
Nxf5 Rxf5 22. Be7 Rxf4 23. Bxd6 Nxd6 24. Rxd6 Rc4 25. Rc1 Rac8 26. Rd2 a5 27.
Kf2 a4 28. Ke2 b3 29. axb3 axb3 30. c3 Kh7 31. Rd6 b5 32. Kd2 h5 33. Rb6 R4c5
34. Rf1 Rg5 35. Rf2 g6 36. h4 Rd5+ 37. Ke3 Re8+ 38. Kf4 Rf5+ 39. Kg3 Re3+ 40.
Rf3 Rfxf3+ 41. gxf3 Re2 42. Rxb5 Rxb2 1/2-1/2

[Event "Russian Championship B13 2016"]
[Site "Loo"]
[Date "2016.04.27"]
[Round "8.1"]
[White "Skatchkov, Valery"]
[Black "Stukan, Martin"]
[Result "1-0"]
[WhiteElo "2170"]
[BlackElo "1956"]
[PlyCount "105"]
[EventDate "2016.04.20"]

1. d4 Nf6 2. c4 g6 3. Nf3 Bg7 4. g3 d6 5. Nc3 O-O 6. Bg2 Nbd7 7. O-O e5 8. e4
c6 9. h3 a5 10. Be3 exd4 11. Nxd4 Re8 12. Qc2 Nc5 13. Rad1 Qe7 14. Rfe1 Be6 15.
b3 Rad8 16. f4 Bc8 17. Bf2 h5 18. e5 dxe5 19. Rxe5 Ne6 20. Rde1 Nxd4 21. Bxd4
Be6 22. Bb6 Ra8 23. f5 Nd7 24. Rxa5 gxf5 25. Rxa8 Rxa8 26. Bf2 Qb4 27. Ne2 Qa3
28. Nf4 Qxa2 29. Qd1 Nf6 30. Nxe6 fxe6 31. Qd6 Rf8 32. Qxe6+ Kh8 33. Qxf5 Qxb3
34. Bc5 Qxg3 35. Re3 Qb8 36. Bxf8 Qxf8 37. Be4 Qe8 38. Qg6 Qe5 39. Rd3 Qc5+ 40.
Kg2 Qe7 41. Bf3 h4 42. Rd4 Qe5 43. Rd8+ Ng8 44. Be4 Qg3+ 45. Qxg3 hxg3 46. Kxg3
Be5+ 47. Kg2 Kg7 48. Rd7+ Kf8 49. Rxb7 Ne7 50. h4 c5 51. h5 Ng8 52. Bd5 Nh6 53.
Kf3 1-0

[Event "Russian Championship B13 2016"]
[Site "Loo"]
[Date "2016.04.27"]
[Round "8.2"]
[White "Gaydym, Arseniy"]
[Black "Pogosyan, Stefan"]
[Result "1-0"]
[WhiteElo "1959"]
[BlackElo "2082"]
[PlyCount "151"]
[EventDate "2016.04.20"]

1. e4 e5 2. Nf3 Nc6 3. Bb5 a6 4. Ba4 Nf6 5. d3 b5 6. Bb3 Be7 7. O-O O-O 8. c3
d6 9. Nbd2 Na5 10. Bc2 c5 11. Re1 Re8 12. Nf1 Bf8 13. Ng3 g6 14. h3 Bg7 15. d4
cxd4 16. cxd4 exd4 17. Nxd4 Bb7 18. b3 d5 19. e5 Ne4 20. Nxe4 dxe4 21. Bxe4
Bxe4 22. Rxe4 Rxe5 23. Rxe5 Bxe5 24. Be3 Qf6 25. Qg4 h5 26. Qe4 Rd8 27. Bg5
Qxg5 28. Nf3 Qf4 29. Qxe5 Qxe5 30. Nxe5 Rd2 31. Kf1 Nb7 32. Ke1 Rd5 33. Nc6 Kf8
34. Rd1 Rc5 35. Nd4 Ke7 36. Ke2 Nd6 37. Kf3 Kf6 38. Rd3 Ke5 39. Ke2 Ne4 40.
Nf3+ Kf6 41. Ke3 Ng5 42. Rd6+ Ke7 43. Rxa6 Nxf3 44. Kxf3 Rc2 45. Kg3 b4 46. Rb6
Rxa2 47. Rxb4 Kf6 48. h4 Rb2 49. Rb6+ Kf5 50. Rb7 Kf6 51. b4 Ke6 52. b5 Kf6 53.
b6 Ke6 54. f3 Kf6 55. Rb8 Kf5 56. Rf8 f6 57. Rb8 Ke6 58. Kh3 Rb3 59. Kg3 Kf5
60. b7 Rb2 61. Kh2 Rb1 62. g3 Rb2+ 63. Kg1 Rb1+ 64. Kf2 Rb2+ 65. Ke3 Rb3+ 66.
Kd4 Rb4+ 67. Kd5 Rb1 68. Kd6 Rb2 69. Ke7 Re2+ 70. Kf7 Rb2 71. Kg7 Rb1 72. Kh6
Rb6 73. Ra8 Rxb7 74. Ra5+ Ke6 75. Kxg6 Rb3 76. Ra6+ 1-0

[Event "Russian Championship B13 2016"]
[Site "Loo"]
[Date "2016.04.27"]
[Round "8.3"]
[White "Shumilov, Demyan"]
[Black "Poznyak, Nazar"]
[Result "1/2-1/2"]
[WhiteElo "1897"]
[BlackElo "1762"]
[PlyCount "56"]
[EventDate "2016.04.20"]

1. d4 Nf6 2. c4 c5 3. d5 b5 4. cxb5 a6 5. bxa6 g6 6. Nc3 Bxa6 7. e4 Bxf1 8.
Kxf1 d6 9. Nf3 Nbd7 10. g3 Bg7 11. Kg2 O-O 12. a4 Qb6 13. Ra3 Rfb8 14. Qc2 c4
15. Nb5 Nc5 16. Qxc4 Nxa4 17. Rxa4 Rxa4 18. Qxa4 Qxb5 19. Qxb5 Rxb5 20. Nd4 Rb4
21. Nc6 Rxe4 22. Rd1 Rc4 23. Bg5 Nxd5 24. Nxe7+ Nxe7 25. Bxe7 Bxb2 26. Bxd6 Rd4
27. Rb1 Rxd6 28. Rxb2 h5 1/2-1/2

[Event "Russian Championship B13 2016"]
[Site "Loo"]
[Date "2016.04.27"]
[Round "8.4"]
[White "Shihaliev, Leonard"]
[Black "Tsoi, Dmitry"]
[Result "0-1"]
[WhiteElo "1815"]
[BlackElo "2127"]
[PlyCount "104"]
[EventDate "2016.04.20"]

1. e4 c5 2. Nc3 Nc6 3. Nf3 Nd4 4. d3 g6 5. g3 Bg7 6. Nxd4 Bxd4 7. Bg2 d6 8. O-O
Bg7 9. Be3 Nf6 10. h3 Nd7 11. Qd2 O-O 12. Bh6 Rb8 13. Bxg7 Kxg7 14. Rae1 b5 15.
f4 b4 16. Nd5 Nb6 17. Ne3 f6 18. f5 g5 19. h4 h6 20. hxg5 hxg5 21. Bf3 Rh8 22.
Kg2 Qc7 23. Rh1 Bb7 24. Rxh8 Rxh8 25. Rh1 Rxh1 26. Kxh1 Qd8 27. Kg1 Qh8 28. b3
Qc8 29. Qh2 Bc6 30. Kf1 Qg8 31. Qg2 Be8 32. Qe2 Qh7 33. Kg2 Bf7 34. Qd1 Qh8 35.
Qe2 Nd7 36. Bg4 Ne5 37. Bf3 Qc8 38. Qd1 Qa6 39. Qa1 Qa3 40. Nd5 Nc6 41. Ne3 Nd4
42. Qb1 Nb5 43. Nd1 Nc3 44. Nxc3 bxc3 45. Qd1 Qxa2 46. Bh5 Bxb3 47. Kf3 Qxc2
48. Qxc2 Bxc2 49. Ke3 a5 50. d4 a4 51. Be2 a3 52. Bc4 Bb1 0-1

[Event "Russian Championship B13 2016"]
[Site "Loo"]
[Date "2016.04.27"]
[Round "8.5"]
[White "Makarian, Rudik"]
[Black "Kulik, Artur"]
[Result "1-0"]
[WhiteElo "2016"]
[BlackElo "1739"]
[PlyCount "113"]
[EventDate "2016.04.20"]

1. e4 c5 2. Nf3 d6 3. d4 cxd4 4. Qxd4 Nc6 5. Bb5 Bd7 6. Bxc6 Bxc6 7. Nc3 e5 8.
Qd3 Be7 9. Be3 Nf6 10. O-O-O Ng4 11. Nd5 Bxd5 12. Qxd5 Nxe3 13. fxe3 O-O 14.
Rd3 Rb8 15. Qb3 Qc8 16. h3 Qe6 17. Re1 Qg6 18. Re2 Qxe4 19. Nd2 Qg6 20. Rc3 Qh5
21. Rf2 Qh4 22. Rf1 Bd8 23. Qd5 b5 24. e4 Ba5 25. Rcf3 Bxd2+ 26. Kxd2 Qh6+ 27.
Kd1 Qe6 28. Rd3 Rb6 29. Ke2 Qxd5 30. Rxd5 Rc8 31. Kd2 h6 32. Rf3 Rbc6 33. c3 b4
34. Rb5 bxc3+ 35. Rxc3 Rxc3 36. bxc3 Rc4 37. Kd3 Ra4 38. Rb2 f5 39. exf5 Kf7
40. g4 Kf6 41. Kc2 Rf4 42. Rb7 Ra4 43. Kb3 Ra6 44. Rd7 e4 45. Kc4 Ke5 46. Re7+
Kf4 47. Kd4 Kf3 48. c4 Rxa2 49. Rxg7 e3 50. Re7 Rd2+ 51. Kc3 Rf2 52. f6 Kg2 53.
h4 e2 54. g5 hxg5 55. hxg5 Kf3 56. g6 Kg4 57. g7 1-0

[Event "Russian Championship B13 2016"]
[Site "Loo"]
[Date "2016.04.27"]
[Round "8.6"]
[White "Tsvetkov, Andrey"]
[Black "Pshmahov, Osman"]
[Result "1/2-1/2"]
[WhiteElo "2036"]
[BlackElo "1878"]
[PlyCount "121"]
[EventDate "2016.04.20"]

1. d4 Nf6 2. Nf3 e6 3. c4 c5 4. d5 d6 5. Nc3 exd5 6. cxd5 g6 7. e4 a6 8. a4 Bg7
9. Be2 O-O 10. Nd2 Nfd7 11. O-O Re8 12. Nc4 Ne5 13. Ne3 Ned7 14. Qc2 Bd4 15.
Kh1 Nf6 16. Bd3 Nbd7 17. f4 Qe7 18. Nc4 Rb8 19. e5 dxe5 20. fxe5 Nxe5 21. Nxe5
Bxe5 22. Bg5 h6 23. d6 Qxd6 24. Bxf6 Bxf6 25. Bc4 Bf5 26. Rxf5 gxf5 27. Qxf5
Bxc3 28. bxc3 Re5 29. Qxf7+ Kh8 30. Rf1 Qe7 31. Qg6 Qg7 32. Qd6 Rbe8 33. Qd2
Rf8 34. Rd1 Ref5 35. h3 Rf2 36. Qd5 R2f5 37. Qd2 Qg5 38. Qd7 Rf2 39. Qxb7 Qg7
40. Qxg7+ Kxg7 41. Bxa6 Rc2 42. Rd3 Rf6 43. Bb5 Rg6 44. Rd7+ Kf8 45. Rd8+ Ke7
46. Re8+ Kf7 47. Re2 Rxe2 48. Bxe2 Rb6 49. a5 Rb1+ 50. Kh2 Ra1 51. a6 Ra3 52.
Kg3 Ke6 53. Kf4 Kd6 54. g4 Kc7 55. h4 Rxc3 56. g5 hxg5+ 57. hxg5 Rc2 58. Bd3
Rd2 59. Ke3 Rg2 60. g6 Kb6 61. Kf3 1/2-1/2

[Event "Russian Championship B13 2016"]
[Site "Loo"]
[Date "2016.04.27"]
[Round "8.7"]
[White "Galichkin, Ilya"]
[Black "Kazmin, Semen"]
[Result "1/2-1/2"]
[WhiteElo "1866"]
[BlackElo "1942"]
[PlyCount "80"]
[EventDate "2016.04.20"]

1. e4 e5 2. Nf3 Nc6 3. Bb5 Nf6 4. Nc3 Bc5 5. O-O d6 6. h3 O-O 7. d3 Ne7 8. Ba4
c6 9. Ne2 Ng6 10. Ng3 a5 11. c3 b5 12. Bc2 Re8 13. Re1 Ba7 14. Be3 d5 15. Bxa7
Rxa7 16. d4 exd4 17. Qxd4 Ra8 18. exd5 Nxd5 19. Rxe8+ Qxe8 20. Re1 Qd8 21. Ne5
Nxe5 22. Rxe5 Be6 23. Bf5 Nc7 24. Ne2 Bxf5 25. Rxf5 Ne6 26. Qe3 Qd1+ 27. Kh2
Rd8 28. Re5 Qd6 29. g3 h6 30. Ng1 Qd2 31. Qxd2 Rxd2 32. Re2 Rxe2 33. Nxe2 f5
34. f4 Kf7 35. Kg2 c5 36. Kf3 Kf6 37. Ke3 g5 38. Kf3 h5 39. h4 g4+ 40. Ke3 Ke7
1/2-1/2

[Event "Russian Championship B13 2016"]
[Site "Loo"]
[Date "2016.04.27"]
[Round "8.8"]
[White "Yarosh, Ruslan"]
[Black "Don, Aleksandr"]
[Result "1-0"]
[WhiteElo "1791"]
[BlackElo "1933"]
[PlyCount "105"]
[EventDate "2016.04.20"]

1. e4 c5 2. Nf3 Nc6 3. Bb5 e6 4. Bxc6 bxc6 5. d3 d5 6. e5 Ne7 7. O-O Ng6 8. c4
Be7 9. Nc3 O-O 10. Re1 f6 11. exf6 Bxf6 12. Na4 Qd6 13. Be3 d4 14. Bc1 Ne5 15.
Nd2 Qe7 16. Ne4 Bh4 17. Rf1 Nd7 18. g3 Bf6 19. f4 Rf7 20. b3 Qf8 21. Ba3 Be7
22. Qe2 Rf5 23. Rf2 Nb6 24. Nb2 a5 25. Raf1 a4 26. Nxa4 Nxa4 27. bxa4 Rxa4 28.
Bc1 Ra7 29. g4 Rf7 30. Rg2 Kh8 31. h4 e5 32. f5 g6 33. f6 Bd8 34. Qf3 h6 35.
Qg3 Kg8 36. Qxe5 Ra5 37. Qf4 Kh7 38. Qf3 Kh8 39. Bf4 Bc7 40. Bxc7 Rxc7 41. Qf4
Rh7 42. Rb1 Ra8 43. Rgb2 Raa7 44. Rb8 Rab7 45. R1xb7 Rxb7 46. Rxb7 Bxb7 47. Qe5
Kg8 48. Nd6 Bc8 49. f7+ Kh7 50. Nxc8 Qxf7 51. Qe7 Kg7 52. Qxf7+ Kxf7 53. Nd6+
1-0

[Event "Russian Championship B13 2016"]
[Site "Loo"]
[Date "2016.04.27"]
[Round "8.9"]
[White "Grachev, Alexey"]
[Black "Tarasov, Danila"]
[Result "1-0"]
[WhiteElo "1990"]
[BlackElo "1868"]
[PlyCount "117"]
[EventDate "2016.04.20"]

1. e4 c5 2. Nf3 Nc6 3. d4 cxd4 4. Nxd4 e5 5. Nb5 d6 6. N1c3 a6 7. Na3 b5 8. Nd5
Nge7 9. c4 Nd4 10. cxb5 Nxd5 11. exd5 Be7 12. Be3 Nf5 13. Bd2 O-O 14. bxa6 Qb6
15. Bc3 Bxa6 16. Bxa6 Rxa6 17. O-O g6 18. Nc2 Ng7 19. a4 f5 20. a5 Qb5 21. Na3
Qd7 22. b4 f4 23. f3 Nf5 24. b5 Rxa5 25. Bxa5 Qa7+ 26. Kh1 Qxa5 27. Qe1 Qa8 28.
Qe4 Ne3 29. Nc2 Qb7 30. Nxe3 fxe3 31. Qxe3 Qxb5 32. Rfd1 Bd8 33. Qd3 Qxd3 34.
Rxd3 Bb6 35. g3 Bc5 36. Rb3 Kg7 37. Rb7+ Rf7 38. Rab1 h5 39. Kg2 Rxb7 40. Rxb7+
Kf6 41. Kf1 Kg5 42. Ke2 h4 43. Rf7 Bg1 44. gxh4+ Kxh4 45. Rf6 Kg5 46. Rxd6 Bxh2
47. Ra6 Bf4 48. Kd3 Kf5 49. Ra8 Kf6 50. Kc4 Ke7 51. Ra6 g5 52. Kc5 e4 53. Re6+
Kd7 54. Rxe4 Bd6+ 55. Kc4 Bf4 56. Kd4 Bc1 57. Re2 Bf4 58. Re6 Bc1 59. Ke5 1-0

[Event "Russian Championship B13 2016"]
[Site "Loo"]
[Date "2016.04.27"]
[Round "8.10"]
[White "Shaykhaliev, Dzhokhar"]
[Black "Tsybikov, Tumen"]
[Result "1-0"]
[WhiteElo "1710"]
[BlackElo "1977"]
[PlyCount "69"]
[EventDate "2016.04.20"]

1. e4 e5 2. Nf3 Nc6 3. Bb5 a6 4. Ba4 Nf6 5. O-O Nxe4 6. d4 b5 7. Bb3 d5 8. Nxe5
Nxe5 9. dxe5 Be6 10. c3 Be7 11. Be3 O-O 12. f4 Qd7 13. Nd2 Nc5 14. Bc2 Bf5 15.
b4 Nb7 16. Nb3 Bxc2 17. Qxc2 f6 18. Bd4 Rac8 19. Qe2 fxe5 20. fxe5 Qe6 21. a4
Rxf1+ 22. Qxf1 c6 23. axb5 cxb5 24. Ra2 Bg5 25. Re2 Rf8 26. Qe1 Re8 27. Bc5 Qc8
28. Qd1 Qd7 29. Qf1 Qc8 30. Qf3 Qc6 31. Nd4 Qd7 32. e6 Qd8 33. Qf7+ Kh8 34. e7
Qc8 35. Qf8+ 1-0

[Event "Russian Championship B13 2016"]
[Site "Loo"]
[Date "2016.04.27"]
[Round "8.11"]
[White "Zhakamukhov, Eduard"]
[Black "Kirillov, Dmitry"]
[Result "1-0"]
[WhiteElo "1794"]
[BlackElo "1930"]
[PlyCount "77"]
[EventDate "2016.04.20"]

1. e4 c5 2. Nf3 e6 3. d4 cxd4 4. Nxd4 Nf6 5. Bd3 Nc6 6. Be3 d5 7. exd5 Nxd5 8.
Nxc6 bxc6 9. Qf3 Nxe3 10. fxe3 Be7 11. O-O O-O 12. Qxc6 Rb8 13. Nd2 Bb7 14. Qa4
Bc5 15. Rae1 Qg5 16. Ne4 Bxe3+ 17. Kh1 Qh6 18. Rf3 Bd2 19. Rd1 Bxe4 20. Qxe4 f5
21. Qe2 Bg5 22. Bc4 Rbe8 23. Rd7 Qf6 24. c3 Rf7 25. Rfd3 Bf4 26. Qf3 Qe5 27. g3
Bc1 28. b3 a5 29. Kg2 Bb2 30. Re3 Qf6 31. Rd6 Rfe7 32. Qe2 Bxc3 33. Rexe6 Rxe6
34. Bxe6+ Kh8 35. Rc6 Bb4 36. Qc4 Qb2+ 37. Kh3 Qc3 38. Qd5 Qe1 39. Qxf5 1-0

[Event "Russian Championship B13 2016"]
[Site "Loo"]
[Date "2016.04.27"]
[Round "8.12"]
[White "Ismagilov, Damir"]
[Black "Mochalin, Faddey"]
[Result "1/2-1/2"]
[WhiteElo "1929"]
[BlackElo "1866"]
[PlyCount "130"]
[EventDate "2016.04.20"]

1. d4 d5 2. Bf4 c5 3. e3 Nc6 4. Nf3 Bg4 5. Be2 e6 6. c3 Qb6 7. Qb3 c4 8. Qxb6
axb6 9. O-O b5 10. Nbd2 b4 11. e4 Nf6 12. h3 Bh5 13. exd5 exd5 14. Rfe1 Kd8 15.
Ne5 Bg6 16. Bf3 bxc3 17. bxc3 Ba3 18. Nxg6 hxg6 19. Rab1 Kc8 20. Rb5 Ra5 21.
Reb1 Rxb5 22. Rxb5 Rd8 23. Nf1 Ne7 24. Be5 Nd7 25. Bh2 Nf6 26. Be5 Nd7 27. Bf4
Nf6 28. Bg5 b6 29. Ne3 Kc7 30. Bxf6 gxf6 31. Bxd5 Nxd5 32. Rxd5 Rxd5 33. Nxd5+
Kc6 34. Nxf6 Bb2 35. Ng4 Bxc3 36. Ne5+ Kd5 37. Nxf7 Bxd4 38. Kf1 c3 39. Ke2
Bxf2 40. Kd3 Be1 41. Ng5 b5 42. Nf3 Bg3 43. Kxc3 Bd6 44. Nh4 g5 45. Nf3 Be7 46.
Kd3 Bf6 47. Nd2 b4 48. Nf3 Be7 49. Ne1 Bd8 50. Nc2 Be7 51. Ne3+ Ke5 52. Kc4 Ke4
53. Nd5 Bd8 54. Nxb4 Kf4 55. Nc6 Bb6 56. Kb5 Be3 57. a4 Kg3 58. Ne7 Kxg2 59.
Nf5 Bf2 60. h4 Bxh4 61. Ne3+ Kf3 62. a5 Bf2 63. Nf5 Kf4 64. Nh6 g4 65. Nxg4
Kxg4 1/2-1/2

[Event "Russian Championship B13 2016"]
[Site "Loo"]
[Date "2016.04.27"]
[Round "8.13"]
[White "Golovin, Nikita A"]
[Black "Sabirov, Timur"]
[Result "0-1"]
[WhiteElo "1853"]
[BlackElo "1781"]
[PlyCount "102"]
[EventDate "2016.04.20"]

1. e4 c5 2. Nc3 e6 3. Nf3 a6 4. d4 cxd4 5. Nxd4 Qc7 6. a3 b5 7. Bd3 Bb7 8. O-O
Nf6 9. Qe2 d6 10. f4 Nbd7 11. Kh1 Be7 12. f5 e5 13. Nb3 Nc5 14. g4 Nfd7 15. Nd5
Bxd5 16. exd5 Nf6 17. Nxc5 Qxc5 18. c4 bxc4 19. Bxc4 Rc8 20. b3 Nxd5 21. Bxa6
Nc3 22. Qc4 Qxc4 23. bxc4 Rb8 24. Be3 Rb3 25. Bd2 Ne4 26. Bb4 Rb2 27. Kg1 Bd8
28. Bb5+ Ke7 29. Rad1 Bb6+ 30. Kh1 h5 31. g5 h4 32. c5 dxc5 33. Rd7+ Kf8 34.
Rb7 cxb4 35. Rxb6 bxa3 36. Rc1 Nxg5 37. Rc8+ Ke7 38. Rc7+ Kd8 39. Ra7 Kc8 40.
Ba6+ Kd8 41. Rd6+ Ke8 42. Bc4 h3 43. Rd1 Rh4 44. Bd5 Rd4 45. Bc6+ Kf8 46. Rc1
Rc2 47. Rb1 Rd8 48. Bd5 Rb2 49. Rc1 a2 50. Rxa2 Rxa2 51. Bxa2 Ke7 0-1